California Cities A-Z - Statistics

General Stats
  • This quiz has been taken 142 times
    75 since last reset
  • The average score is 12 of 24
Answer Stats
Population Municipality or CDP % Correct
L 3,898,747 Los Angeles
98%
A 346,824 Anaheim
92%
S 1,386,932 San Diego
92%
B 403,455 Bakersfield
85%
F 542,107 Fresno
85%
O 440,646 Oakland
76%
I 307,670 Irvine
71%
R 314,998 Riverside
71%
M 218,464 Modesto
56%
C 275,487 Chula Vista
54%
H 198,711 Huntington Beach
49%
V 141,384 Visalia
49%
G 196,543 Glendale
44%
P 169,450 Palmdale
37%
T 147,067 Torrance
37%
D 114,355 Downey
36%
E 176,124 Elk Grove
36%
U 79,040 Upland
36%
W 109,501 West Covina
36%
J 105,053 Jurupa Valley
34%
Y 70,117 Yuba City
32%
N 102,773 Norwalk
25%
Q 11,447 Quartz Hill
10%
K 16,016 Kerman
8%
No matching quizzes found
Score Distribution
Percent of People with Each Score
Percentile by Number Answered
Your Score History
You have not taken this quiz since the last reset